000 00781nam a22002057a 4500
003 OSt
005 20250721013217.0
008 250721b |||||||| |||| 00| 0 eng d
020 _a9789814714563
040 _aDWCL-Main lib
_cOC
082 _aCirc. 658.15224 D286p 2006
100 _aDebelak, Don
245 _aPerfect phrases for business proposals and business plans :
_bhundreds of ready-to-use phrases for winning new clients, launching new products, and getting the funding you need/
_cDon Debelak
260 _aNew York :
_bMcGraw-Hill,
_cc2006.
300 _a xv, 159 pages ;
_c21 cm.
650 _a1. Proposal writing in business.
650 _a2. Business planning.
650 _a3. Proposal writing in business--Terminology.
942 _2ddc
_cBK-CIRC
_kCirc.
_n0
999 _c3793
_d3793